All Division 2 Women’s College Gymnastics Teams - Statistics

General Stats
  • This quiz has been taken 11 times
  • The average score is 5 of 6
Answer Stats
State First Four Letters Team % Correct
Washington SEAT Seattle Pacific
100%
Texas TEXA Texas Woman’s
100%
Connecticut BRID Bridgeport
88%
Connecticut SOUT Southern Connecticut
88%
Missouri LIND Lindenwood
75%
Pennsylvania WEST West Chester
63%
No matching quizzes found
Score Distribution
Percent of People with Each Score
Percentile by Number Answered
Your Score History
You have not taken this quiz